000 00305nam a2200121Ia 4500
005 20251222143117.0
008 251222s9999||||xx |||||||||||||| ||spa||
082 _a249.76/C75
100 _aColleti, Diego
245 0 _aEl Sacerdocio Don de Dios:
264 _bConferencia Episcopal Peruana
942 _cLIB
999 _c11382
_d11382